<?xml version="1.0" encoding="UTF-8"?>
<record
    xmlns:xsi="http://www.w3.org/2001/XMLSchema-instance"
    xsi:schemaLocation="http://www.loc.gov/MARC21/slim http://www.loc.gov/standards/marcxml/schema/MARC21slim.xsd"
    xmlns="http://www.loc.gov/MARC21/slim">

  <leader>01148nam a2200373 b 4500</leader>
  <controlfield tag="001"> 0020313 </controlfield>
  <controlfield tag="003">DO-SdBNP</controlfield>
  <controlfield tag="005">20171122112509.0</controlfield>
  <controlfield tag="007"> 0020313 </controlfield>
  <controlfield tag="008">050617s2008   mx |          ||| ||spa  </controlfield>
  <datafield tag="016" ind1="7" ind2=" ">
    <subfield code="a"> </subfield>
    <subfield code="2">BPMSU</subfield>
  </datafield>
  <datafield tag="017" ind1=" " ind2=" ">
    <subfield code="a"> </subfield>
    <subfield code="b"> </subfield>
  </datafield>
  <datafield tag="020" ind1=" " ind2=" ">
    <subfield code="a">9789708120821</subfield>
  </datafield>
  <datafield tag="035" ind1=" " ind2=" ">
    <subfield code="a"> </subfield>
  </datafield>
  <datafield tag="040" ind1=" " ind2=" ">
    <subfield code="a">BPMSU</subfield>
    <subfield code="b">spa</subfield>
    <subfield code="c">BPMSU</subfield>
    <subfield code="e"> </subfield>
  </datafield>
  <datafield tag="080" ind1=" " ind2="0">
    <subfield code="a"> </subfield>
  </datafield>
  <datafield tag="082" ind1=" " ind2="4">
    <subfield code="a">U861.44</subfield>
    <subfield code="b">B462i</subfield>
  </datafield>
  <datafield tag="100" ind1="1" ind2=" ">
    <subfield code="a">Benedetti, Mario</subfield>
    <subfield code="d">1920-2009</subfield>
  </datafield>
  <datafield tag="240" ind1="1" ind2="0">
    <subfield code="a"> </subfield>
    <subfield code="k"> </subfield>
  </datafield>
  <datafield tag="245" ind1="1" ind2="0">
    <subfield code="a">Inventario /</subfield>
    <subfield code="h"> </subfield>
    <subfield code="b"> </subfield>
    <subfield code="c">Mario Benedetti</subfield>
  </datafield>
  <datafield tag="246" ind1=" " ind2=" ">
    <subfield code="a">Inventario 1 :</subfield>
    <subfield code="b">poes&#xED;a completa 1950-1985 /</subfield>
  </datafield>
  <datafield tag="246" ind1=" " ind2=" ">
    <subfield code="a">Inventario 2</subfield>
    <subfield code="b">poes&#xED;a completa 198619911</subfield>
  </datafield>
  <datafield tag="250" ind1=" " ind2=" ">
    <subfield code="a">reimpresi&#xF3;n </subfield>
  </datafield>
  <datafield tag="260" ind1=" " ind2=" ">
    <subfield code="a">M&#xE9;xico :</subfield>
    <subfield code="b">Santillana Ediciones Generales, </subfield>
    <subfield code="c">2008</subfield>
  </datafield>
  <datafield tag="300" ind1=" " ind2=" ">
    <subfield code="a">v. </subfield>
    <subfield code="b">il. ; </subfield>
    <subfield code="c">22 cm</subfield>
  </datafield>
  <datafield tag="490" ind1="1" ind2=" ">
    <subfield code="a">Punto de lectura</subfield>
    <subfield code="v"> 11/12</subfield>
  </datafield>
  <datafield tag="505" ind1=" " ind2=" ">
    <subfield code="g">v.1 Inventario 1 : poes&#xED;a completa (1950-1985) -- v.2 Inventario 2 : poes&#xED;a completa (1986-1991).</subfield>
    <subfield code="g"> </subfield>
  </datafield>
  <datafield tag="650" ind1=" " ind2=" ">
    <subfield code="a">POES&#xCD;A URUGUAYA  </subfield>
    <subfield code="v"> </subfield>
  </datafield>
  <datafield tag="650" ind1=" " ind2=" ">
    <subfield code="a">LITERATURA URUGUAYA </subfield>
  </datafield>
  <datafield tag="830" ind1=" " ind2="0">
    <subfield code="a">Punto de lectura</subfield>
    <subfield code="v">11/12</subfield>
  </datafield>
  <datafield tag="942" ind1=" " ind2=" ">
    <subfield code="2">ddc</subfield>
    <subfield code="c">BK</subfield>
  </datafield>
  <datafield tag="945" ind1=" " ind2=" ">
    <subfield code="a">Ivnentariado extranjero / 2017 VM</subfield>
  </datafield>
  <datafield tag="952" ind1=" " ind2=" ">
    <subfield code="0">0</subfield>
    <subfield code="1">0</subfield>
    <subfield code="2">ddc</subfield>
    <subfield code="4">0</subfield>
    <subfield code="7">0</subfield>
    <subfield code="8">CG</subfield>
    <subfield code="a">BPMET</subfield>
    <subfield code="b">BPMET</subfield>
    <subfield code="d">2016-07-12</subfield>
    <subfield code="e">Donativo-Alfaguara</subfield>
    <subfield code="f"> </subfield>
    <subfield code="l">0</subfield>
    <subfield code="o">U861.44 B462i</subfield>
    <subfield code="p">BPMSU16070372</subfield>
    <subfield code="r">2016-07-12</subfield>
    <subfield code="t">v. 1</subfield>
    <subfield code="w">2016-07-12</subfield>
    <subfield code="y">BK</subfield>
  </datafield>
  <datafield tag="952" ind1=" " ind2=" ">
    <subfield code="0">0</subfield>
    <subfield code="1">0</subfield>
    <subfield code="2">ddc</subfield>
    <subfield code="4">0</subfield>
    <subfield code="7">0</subfield>
    <subfield code="8">CG</subfield>
    <subfield code="a">BPMET</subfield>
    <subfield code="b">BPMET</subfield>
    <subfield code="d">2016-07-12</subfield>
    <subfield code="e">Donativo-Alfaguara</subfield>
    <subfield code="l">0</subfield>
    <subfield code="o">U861.44 B462i</subfield>
    <subfield code="p">BPMSU16070373</subfield>
    <subfield code="r">2016-07-12</subfield>
    <subfield code="t">v. 1, e. 2</subfield>
    <subfield code="w">2016-07-12</subfield>
    <subfield code="y">BK</subfield>
  </datafield>
  <datafield tag="952" ind1=" " ind2=" ">
    <subfield code="0">0</subfield>
    <subfield code="1">0</subfield>
    <subfield code="2">ddc</subfield>
    <subfield code="4">0</subfield>
    <subfield code="7">0</subfield>
    <subfield code="8">CG</subfield>
    <subfield code="a">BPMET</subfield>
    <subfield code="b">BPMET</subfield>
    <subfield code="d">2016-07-12</subfield>
    <subfield code="e">Donativo-Alfaguara</subfield>
    <subfield code="l">0</subfield>
    <subfield code="o">U861.44 B462i</subfield>
    <subfield code="p">BPMSU16070374</subfield>
    <subfield code="r">2016-07-12</subfield>
    <subfield code="t">v. 1, e 3</subfield>
    <subfield code="w">2016-07-12</subfield>
    <subfield code="y">BK</subfield>
  </datafield>
  <datafield tag="952" ind1=" " ind2=" ">
    <subfield code="0">0</subfield>
    <subfield code="1">0</subfield>
    <subfield code="2">ddc</subfield>
    <subfield code="4">0</subfield>
    <subfield code="7">0</subfield>
    <subfield code="8">CG</subfield>
    <subfield code="a">BPMET</subfield>
    <subfield code="b">BPMET</subfield>
    <subfield code="d">2016-11-16</subfield>
    <subfield code="e">Donativo-Alfaguara</subfield>
    <subfield code="l">0</subfield>
    <subfield code="o">U861.44 B462i</subfield>
    <subfield code="p">BPMSU16111370</subfield>
    <subfield code="r">2016-11-16</subfield>
    <subfield code="t">v. 2</subfield>
    <subfield code="w">2016-11-16</subfield>
    <subfield code="y">BK</subfield>
  </datafield>
  <datafield tag="952" ind1=" " ind2=" ">
    <subfield code="0">0</subfield>
    <subfield code="1">0</subfield>
    <subfield code="2">ddc</subfield>
    <subfield code="4">0</subfield>
    <subfield code="7">0</subfield>
    <subfield code="8">CG</subfield>
    <subfield code="a">BPMET</subfield>
    <subfield code="b">BPMET</subfield>
    <subfield code="d">2016-11-16</subfield>
    <subfield code="e">Donativo-Alfaguara</subfield>
    <subfield code="l">0</subfield>
    <subfield code="o">U861.44 B462i</subfield>
    <subfield code="p">BPMSU16111371</subfield>
    <subfield code="r">2016-11-16</subfield>
    <subfield code="t">v. 2, e. 2</subfield>
    <subfield code="w">2016-11-16</subfield>
    <subfield code="y">BK</subfield>
  </datafield>
  <datafield tag="952" ind1=" " ind2=" ">
    <subfield code="0">0</subfield>
    <subfield code="1">0</subfield>
    <subfield code="2">ddc</subfield>
    <subfield code="4">0</subfield>
    <subfield code="7">0</subfield>
    <subfield code="8">CG</subfield>
    <subfield code="a">BPMET</subfield>
    <subfield code="b">BPMET</subfield>
    <subfield code="d">2016-11-16</subfield>
    <subfield code="e">Donativo-Alfaguara</subfield>
    <subfield code="l">0</subfield>
    <subfield code="o">U861.44 B462i</subfield>
    <subfield code="p">BPMSU16111372</subfield>
    <subfield code="r">2016-11-16</subfield>
    <subfield code="t">v. 2, e. 3</subfield>
    <subfield code="w">2016-11-16</subfield>
    <subfield code="y">BK</subfield>
  </datafield>
  <datafield tag="956" ind1=" " ind2=" ">
    <subfield code="a"> VMATEO</subfield>
    <subfield code="b">10</subfield>
    <subfield code="c">20160712</subfield>
    <subfield code="d">BPMSU</subfield>
    <subfield code="f">00069</subfield>
  </datafield>
  <datafield tag="999" ind1=" " ind2=" ">
    <subfield code="c">10823</subfield>
    <subfield code="d">10823</subfield>
  </datafield>
</record>
